|
|
|
|
| LEADER |
00000cam a2200000 a 4500 |
| 001 |
1988 |
| 003 |
Ucuenca |
| 005 |
20240113063036.0 |
| 008 |
996060|1994 ck |||||r|||||||||||spa|| |
| 020 |
|
|
|a 958-9261-09-4
|
| 040 |
|
|
|b spa
|
| 041 |
1 |
|
|a spa
|
| 082 |
0 |
|
|a 577
|
| 100 |
1 |
|
|9 220514
|a Tola, José
|
| 245 |
|
|
|a Atlas de ecología
|h imp
|c José Tola
|
| 264 |
|
|
|a Bogotá
|b Programa Educativo Visual
|c 1994
|
| 300 |
|
|
|a 95 páginas:
|b ilu
|c 34 cm
|
| 504 |
|
|
|a incl. ref.
|
| 505 |
1 |
|
|a Ecología de poblaciones.-- Ecología trófica.-- Sinecología.-- Distribución en el espacio.-- Principales ambientes biológicos.-- El hombre y la naturaleza
|
| 650 |
|
7 |
|a Ecología
|9 9
|
| 650 |
|
|
|a Medio ambiente
|9 351
|
| 650 |
|
|
|a Atlas de ecologia
|9 80508
|
| 852 |
|
|
|a UC-YANUNCAY
|f Donación
|l 1
|m General
|p 19960606
|q 93,500
|t 1988
|b 0
|d CDRY
|e CDRY
|g 577 SALA 1 AGROPECUARIAS
|z 1996-60-60
|
| 942 |
|
|
|c BK
|2 ddc
|z diana.leon@ucuenca.edu.ec
|0 2
|
| 999 |
|
|
|c 68803
|d 68803
|